[Event "Rapid 2018"]
[Site "Saint-Petersburg"]
[Date "2018.12.28"]
[Round "15"]
[Board "28"]
[White "Melkumyan Hrant (ARM)"]
[Black "Sarana Alexey (RUS)"]
[Result "0-1"]
[LiveChessVersion "1.4.8"]
[BlackElo "2617"]
[WhiteElo "2672"]

1. c4 {[%clk 0:15:17]} Nf6 {[%clk 0:15:18]} 2. Nc3 {[%clk 0:15:13]} e5
{[%clk 0:15:26]} 3. Nf3 {[%clk 0:15:20]} Nc6 {[%clk 0:15:35]} 4. e3
{[%clk 0:15:26]} Bb4 {[%clk 0:15:43]} 5. Qc2 {[%clk 0:15:35]} Bxc3
{[%clk 0:15:51]} 6. Qxc3 {[%clk 0:15:43]} Qe7 {[%clk 0:16:00]} 7. d4
{[%clk 0:15:51]} exd4 {[%clk 0:16:06]} 8. Nxd4 {[%clk 0:15:59]} Ne4
{[%clk 0:16:14]} 9. Qd3 {[%clk 0:16:08]} O-O {[%clk 0:16:19]} 10. Be2
{[%clk 0:16:09]} Re8 {[%clk 0:16:13]} 11. O-O {[%clk 0:15:43]} Nc5
{[%clk 0:15:42]} 12. Qd1 {[%clk 0:15:37]} Nxd4 {[%clk 0:15:44]} 13. Qxd4
{[%clk 0:15:45]} b6 {[%clk 0:15:52]} 14. b3 {[%clk 0:11:45]} Bb7 {[%clk 0:15:57]}
15. Qf4 {[%clk 0:11:06]} d6 {[%clk 0:15:36]} 16. Bb2 {[%clk 0:11:10]} a5
{[%clk 0:15:27]} 17. Rad1 {[%clk 0:10:16]} Qe6 {[%clk 0:15:25]} 18. Rfe1
{[%clk 0:09:35]} Qg6 {[%clk 0:15:00]} 19. Qg3 {[%clk 0:09:21]} f6
{[%clk 0:15:04]} 20. Bf1 {[%clk 0:08:43]} Re7 {[%clk 0:14:36]} 21. f3
{[%clk 0:07:52]} Rae8 {[%clk 0:14:38]} 22. Qxg6 {[%clk 0:05:27]} hxg6
{[%clk 0:14:47]} 23. Kf2 {[%clk 0:05:36]} Kf7 {[%clk 0:14:21]} 24. h3
{[%clk 0:05:29]} g5 {[%clk 0:14:12]} 25. e4 {[%clk 0:05:24]} Rh8 {[%clk 0:14:01]}
26. Bd4 {[%clk 0:05:25]} Bc8 {[%clk 0:13:47]} 27. Be3 {[%clk 0:05:16]} Be6
{[%clk 0:13:55]} 28. Rb1 {[%clk 0:05:23]} Ra8 {[%clk 0:13:59]} 29. a3
{[%clk 0:05:12]} Nd7 {[%clk 0:14:07]} 30. Rec1 {[%clk 0:05:05]} Ne5
{[%clk 0:14:12]} 31. Rc3 {[%clk 0:05:03]} Ree8 {[%clk 0:14:19]} 32. Rb2
{[%clk 0:05:01]} Reb8 {[%clk 0:14:01]} 33. Be2 {[%clk 0:05:08]} Nc6
{[%clk 0:13:57]} 34. Kg3 {[%clk 0:04:40]} Ne5 {[%clk 0:13:57]} 35. Rd2
{[%clk 0:04:23]} Ke7 {[%clk 0:13:51]} 36. Kf2 {[%clk 0:04:08]} Nd7
{[%clk 0:13:33]} 37. Rc1 {[%clk 0:04:07]} Ne5 {[%clk 0:13:21]} 38. Rdd1
{[%clk 0:03:40]} Rb7 {[%clk 0:13:19]} 39. Rh1 {[%clk 0:03:47]} Rh8
{[%clk 0:13:19]} 40. Kg3 {[%clk 0:03:10]} Ng6 {[%clk 0:13:14]} 41. b4
{[%clk 0:02:57]} axb4 {[%clk 0:13:20]} 42. axb4 {[%clk 0:03:05]} c5
{[%clk 0:13:26]} 43. Rb1 {[%clk 0:03:08]} Ra7 {[%clk 0:13:24]} 44. bxc5
{[%clk 0:03:07]} bxc5 {[%clk 0:13:33]} 45. Rhc1 {[%clk 0:03:03]} Ne5
{[%clk 0:13:36]} 46. Bf1 {[%clk 0:02:56]} Rd8 {[%clk 0:13:36]} 47. Rc3
{[%clk 0:02:20]} Ra4 {[%clk 0:13:42]} 48. Rbc1 {[%clk 0:02:29]} Rb8
{[%clk 0:13:42]} 49. f4 {[%clk 0:02:26]} gxf4+ {[%clk 0:13:50]} 50. Bxf4
{[%clk 0:02:35]} Rb2 {[%clk 0:13:37]} 51. Bxe5 {[%clk 0:02:08]} dxe5
{[%clk 0:13:04]} 52. h4 {[%clk 0:02:16]} Kf7 {[%clk 0:12:33]} 53. Re1
{[%clk 0:01:54]} Rd2 {[%clk 0:12:12]} 54. Be2 {[%clk 0:01:46]} Rd4
{[%clk 0:12:12]} 55. Rb3 {[%clk 0:01:36]} Kg6 {[%clk 0:12:02]} 56. Rb8
{[%clk 0:01:18]} Bxc4 {[%clk 0:11:22]} 57. Bg4 {[%clk 0:01:26]} Ra7
{[%clk 0:10:18]} 58. Rf8 {[%clk 0:01:26]} Kh7 {[%clk 0:08:47]} 59. h5
{[%clk 0:01:35]} Rd3+ {[%clk 0:08:54]} 60. Kh2 {[%clk 0:01:44]} Kh6
{[%clk 0:08:30]} 61. Rc8 {[%clk 0:00:55]} Kg5 {[%clk 0:08:12]} 62. Bf3
{[%clk 0:01:04]} Bf7 {[%clk 0:08:01]} 63. Rh8 {[%clk 0:00:53]} Rad7
{[%clk 0:07:34]} 64. Kg3 {[%clk 0:00:58]} c4 {[%clk 0:07:02]} 65. Rh1
{[%clk 0:01:01]} f5 {[%clk 0:07:07]} 66. Rh7 {[%clk 0:00:31]} fxe4
{[%clk 0:06:59]} 67. h6 {[%clk 0:00:23]} gxh6 {[%clk 0:06:07]} 68. R1xh6
{[%clk 0:00:12]} exf3 {[%clk 0:06:14]} 69. gxf3 {[%clk 0:00:21]} Bg6
{[%clk 0:06:19]} 0-1

[Event "Rapid 2018"]
[Site "Saint-Petersburg"]
[Date "2018.12.28"]
[Round "15"]
[Board "29"]
[White "Antipov Mikhail Al. (RUS)"]
[Black "Grachev Boris (RUS)"]
[Result "1-0"]
[LiveChessVersion "1.4.8"]
[BlackElo "2669"]
[WhiteElo "2628"]

1. e4 {[%clk 0:14:12]} c5 {[%clk 0:15:16]} 2. Nf3 {[%clk 0:14:21]} Nf6
{[%clk 0:15:24]} 3. e5 {[%clk 0:14:23]} Nd5 {[%clk 0:15:32]} 4. Nc3
{[%clk 0:14:31]} Nxc3 {[%clk 0:15:40]} 5. dxc3 {[%clk 0:14:38]} Nc6
{[%clk 0:15:44]} 6. Bd3 {[%clk 0:13:47]} e6 {[%clk 0:15:17]} 7. Bf4
{[%clk 0:13:11]} h6 {[%clk 0:15:10]} 8. Qe2 {[%clk 0:12:55]} a6 {[%clk 0:15:11]}
9. O-O {[%clk 0:12:25]} b5 {[%clk 0:14:44]} 10. a4 {[%clk 0:12:14]} c4
{[%clk 0:14:13]} 11. Be4 {[%clk 0:12:23]} Bb7 {[%clk 0:14:22]} 12. axb5
{[%clk 0:12:25]} axb5 {[%clk 0:14:30]} 13. Nd4 {[%clk 0:12:30]} Rxa1
{[%clk 0:07:07]} 14. Rxa1 {[%clk 0:12:38]} Bc5 {[%clk 0:07:04]} 15. Nxb5
{[%clk 0:08:08]} Qb6 {[%clk 0:07:13]} 16. Nd6+ {[%clk 0:07:58]} Bxd6
{[%clk 0:07:08]} 17. exd6 {[%clk 0:08:07]} O-O {[%clk 0:06:38]} 18. Rb1
{[%clk 0:08:07]} f5 {[%clk 0:05:55]} 19. Bf3 {[%clk 0:08:01]} Qb5
{[%clk 0:05:02]} 20. b3 {[%clk 0:05:18]} g5 {[%clk 0:04:04]} 21. Qxc4
{[%clk 0:04:37]} Qxc4 {[%clk 0:04:11]} 22. bxc4 {[%clk 0:04:46]} Ba8
{[%clk 0:04:20]} 23. Be3 {[%clk 0:02:05]} Kf7 {[%clk 0:03:31]} 24. Ra1
{[%clk 0:01:27]} Rc8 {[%clk 0:02:50]} 25. h3 {[%clk 0:01:07]} Bb7
{[%clk 0:01:42]} 26. Bb6 {[%clk 0:01:14]} Ra8 {[%clk 0:01:30]} 27. Rb1
{[%clk 0:01:22]} Ra2 {[%clk 0:01:17]} 28. Bd4 {[%clk 0:00:52]} Ba8
{[%clk 0:01:08]} 29. Bh5+ {[%clk 0:00:46]} Kf8 {[%clk 0:01:17]} 30. Bf6
{[%clk 0:00:54]} Rxc2 {[%clk 0:01:05]} 31. c5 {[%clk 0:00:31]} Ra2
{[%clk 0:01:06]} 32. h4 {[%clk 0:00:17]} gxh4 {[%clk 0:00:44]} 33. Bxh4
{[%clk 0:00:18]} Kg7 {[%clk 0:00:46]} 34. Be8 {[%clk 0:00:23]} Ra7
{[%clk 0:00:55]} 35. c4 {[%clk 0:00:16]} Kf8 {[%clk 0:00:54]} 36. Bh5
{[%clk 0:00:22]} Rb7 {[%clk 0:00:46]} 37. Ra1 {[%clk 0:00:21]} Ra7
{[%clk 0:00:55]} 38. Rb1 {[%clk 0:00:16]} Rb7 {[%clk 0:01:04]} 39. Rc1
{[%clk 0:00:25]} Rb3 {[%clk 0:00:57]} 40. Ra1 {[%clk 0:00:22]} Bb7
{[%clk 0:01:00]} 41. Bf6 {[%clk 0:00:24]} Nb8 {[%clk 0:00:15]} 42. Bd1
{[%clk 0:00:20]} Rb4 {[%clk 0:00:20]} 43. Bh5 {[%clk 0:00:15]} Rb3
{[%clk 0:00:26]} 44. Kh2 {[%clk 0:00:22]} Nc6 {[%clk 0:00:22]} 45. Bd1
{[%clk 0:00:24]} Rd3 {[%clk 0:00:27]} 46. Rb1 {[%clk 0:00:25]} Kf7
{[%clk 0:00:20]} 47. Bh4 {[%clk 0:00:15]} Ba8 {[%clk 0:00:20]} 48. Bh5+
{[%clk 0:00:23]} Kf8 {[%clk 0:00:25]} 49. Bf6 {[%clk 0:00:31]} Ra3
{[%clk 0:00:27]} 50. Bg6 {[%clk 0:00:21]} Rd3 {[%clk 0:00:24]} 51. f3
{[%clk 0:00:24]} Ra3 {[%clk 0:00:14]} 52. Kg3 {[%clk 0:00:30]} Ra2
{[%clk 0:00:13]} 53. Rh1 {[%clk 0:00:35]} f4+ {[%clk 0:00:21]} 54. Kxf4
{[%clk 0:00:43]} Rxg2 {[%clk 0:00:19]} 55. Rxh6 {[%clk 0:00:51]} e5+
{[%clk 0:00:14]} 56. Ke3 {[%clk 0:00:59]} Rxg6 {[%clk 0:00:21]} 57. Rxg6
{[%clk 0:01:08]} Kf7 {[%clk 0:00:28]} 58. Rh6 {[%clk 0:01:16]} Bb7
{[%clk 0:00:19]} 59. Bh8 {[%clk 0:01:11]} Ba6 {[%clk 0:00:14]} 60. Ke4
{[%clk 0:01:18]} Bb7 {[%clk 0:00:11]} 61. Bxe5 {[%clk 0:01:16]} Ne7+
{[%clk 0:00:19]} 62. Kd3 {[%clk 0:01:18]} Ng6 {[%clk 0:00:21]} 63. f4
{[%clk 0:01:27]} Bc6 {[%clk 0:00:24]} 64. Kd4 {[%clk 0:01:35]} Nf8
{[%clk 0:00:18]} 65. f5 {[%clk 0:01:43]} Ba4 {[%clk 0:00:25]} 66. Ke4
{[%clk 0:01:44]} Bc6+ {[%clk 0:00:28]} 67. Kf4 {[%clk 0:01:53]} Kg8
{[%clk 0:00:37]} 68. Rh8+ {[%clk 0:02:00]} Kf7 {[%clk 0:00:46]} 69. Kg5
{[%clk 0:02:08]} Be4 {[%clk 0:00:41]} 70. Bf6 {[%clk 0:02:15]} 1-0

[Event "Rapid 2018"]
[Site "Saint-Petersburg"]
[Date "2018.12.28"]
[Round "15"]
[Board "30"]
[White "Indjic Aleksandar (SRB)"]
[Black "Savchenko Boris (RUS)"]
[Result "0-1"]
[LiveChessVersion "1.4.8"]
[BlackElo "2660"]
[WhiteElo "2575"]

1. d4 {[%clk 0:15:16]} Nf6 {[%clk 0:15:19]} 2. Nf3 {[%clk 0:15:24]} g6
{[%clk 0:15:27]} 3. Bg5 {[%clk 0:15:32]} Bg7 {[%clk 0:15:32]} 4. Nbd2
{[%clk 0:15:40]} d6 {[%clk 0:15:38]} 5. c3 {[%clk 0:15:48]} Nbd7 {[%clk 0:15:46]}
6. e4 {[%clk 0:15:12]} h6 {[%clk 0:15:34]} 7. Bh4 {[%clk 0:15:17]} Nh5
{[%clk 0:15:32]} 8. Nc4 {[%clk 0:15:21]} g5 {[%clk 0:15:12]} 9. Nfd2
{[%clk 0:15:01]} Ndf6 {[%clk 0:15:11]} 10. Bg3 {[%clk 0:15:09]} Nxg3
{[%clk 0:14:30]} 11. hxg3 {[%clk 0:15:16]} d5 {[%clk 0:14:15]} 12. e5
{[%clk 0:15:00]} dxc4 {[%clk 0:13:46]} 13. exf6 {[%clk 0:15:08]} exf6
{[%clk 0:13:35]} 14. Nxc4 {[%clk 0:14:47]} f5 {[%clk 0:11:14]} 15. Bd3
{[%clk 0:14:14]} O-O {[%clk 0:08:34]} 16. O-O {[%clk 0:14:20]} f4
{[%clk 0:06:29]} 17. gxf4 {[%clk 0:13:54]} gxf4 {[%clk 0:06:38]} 18. Re1
{[%clk 0:13:20]} Be6 {[%clk 0:06:04]} 19. Rxe6 {[%clk 0:12:16]} fxe6
{[%clk 0:06:12]} 20. Qg4 {[%clk 0:12:22]} Qf6 {[%clk 0:03:09]} 21. Ne5
{[%clk 0:12:09]} Rad8 {[%clk 0:02:57]} 22. Re1 {[%clk 0:12:06]} c5
{[%clk 0:02:38]} 23. Ng6 {[%clk 0:10:26]} Rfe8 {[%clk 0:02:41]} 24. Nxf4
{[%clk 0:10:07]} cxd4 {[%clk 0:01:57]} 25. Nxe6 {[%clk 0:09:07]} dxc3
{[%clk 0:01:58]} 26. Bc4 {[%clk 0:09:14]} Kh8 {[%clk 0:01:54]} 27. bxc3
{[%clk 0:09:06]} Rd2 {[%clk 0:01:01]} 28. Rf1 {[%clk 0:08:19]} b5
{[%clk 0:00:51]} 29. Bb3 {[%clk 0:08:18]} a5 {[%clk 0:00:52]} 30. Nf4
{[%clk 0:06:16]} a4 {[%clk 0:00:57]} 31. Bd1 {[%clk 0:03:56]} Qg5
{[%clk 0:00:27]} 32. Qf3 {[%clk 0:04:05]} Rf8 {[%clk 0:00:29]} 33. g3
{[%clk 0:04:14]} Rxa2 {[%clk 0:00:32]} 34. Kh1 {[%clk 0:04:09]} Rd2
{[%clk 0:00:30]} 35. Qe4 {[%clk 0:03:08]} Rxd1 {[%clk 0:00:25]} 36. Rxd1
{[%clk 0:03:07]} Rxf4 {[%clk 0:00:32]} 37. gxf4 {[%clk 0:03:14]} Qh5+
{[%clk 0:00:41]} 38. Kg2 {[%clk 0:03:23]} Qg4+ {[%clk 0:00:46]} 39. Kh2
{[%clk 0:03:32]} Qxd1 {[%clk 0:00:44]} 40. Qe8+ {[%clk 0:03:40]} Kh7
{[%clk 0:00:53]} 41. Qe4+ {[%clk 0:03:47]} Kg8 {[%clk 0:01:01]} 42. Qe8+
{[%clk 0:03:54]} Bf8 {[%clk 0:01:09]} 43. Qe6+ {[%clk 0:02:39]} Kg7
{[%clk 0:01:17]} 44. Qe5+ {[%clk 0:02:48]} Kf7 {[%clk 0:01:26]} 45. Qf5+
{[%clk 0:02:57]} Ke8 {[%clk 0:01:24]} 46. Qxb5+ {[%clk 0:02:26]} Qd7
{[%clk 0:01:32]} 47. Qh5+ {[%clk 0:02:34]} Ke7 {[%clk 0:01:26]} 48. c4
{[%clk 0:02:00]} Qd4 {[%clk 0:01:02]} 49. Qe2+ {[%clk 0:01:55]} Kf6
{[%clk 0:01:04]} 50. Qe8 {[%clk 0:00:57]} Qxf2+ {[%clk 0:01:01]} 0-1

[Event "Rapid 2018"]
[Site "Saint-Petersburg"]
[Date "2018.12.28"]
[Round "15"]
[Board "31"]
[White "Pantsulaia Levan (GEO)"]
[Black "Hovhannisyan Robert (ARM)"]
[Result "1-0"]
[LiveChessVersion "1.4.8"]
[BlackElo "2549"]
[WhiteElo "2652"]

1. c4 {[%clk 0:15:18]} c6 {[%clk 0:15:06]} 2. g3 {[%clk 0:15:26]} d5
{[%clk 0:14:49]} 3. Bg2 {[%clk 0:15:34]} e5 {[%clk 0:14:57]} 4. cxd5
{[%clk 0:15:41]} cxd5 {[%clk 0:15:05]} 5. d4 {[%clk 0:15:06]} Bb4+
{[%clk 0:15:12]} 6. Bd2 {[%clk 0:14:59]} Bxd2+ {[%clk 0:15:19]} 7. Qxd2
{[%clk 0:15:03]} e4 {[%clk 0:15:27]} 8. Nc3 {[%clk 0:15:05]} Nc6 {[%clk 0:15:26]}
9. Nh3 {[%clk 0:14:57]} f5 {[%clk 0:14:56]} 10. O-O {[%clk 0:15:01]} Nf6
{[%clk 0:14:59]} 11. Nf4 {[%clk 0:14:22]} O-O {[%clk 0:14:17]} 12. f3
{[%clk 0:14:30]} Qd6 {[%clk 0:13:46]} 13. Rac1 {[%clk 0:14:12]} g5
{[%clk 0:12:06]} 14. Nh3 {[%clk 0:14:19]} h6 {[%clk 0:12:14]} 15. fxe4
{[%clk 0:13:35]} dxe4 {[%clk 0:11:29]} 16. e3 {[%clk 0:12:25]} Be6
{[%clk 0:10:41]} 17. Nf2 {[%clk 0:12:32]} g4 {[%clk 0:08:24]} 18. Qe2
{[%clk 0:11:04]} Rad8 {[%clk 0:08:09]} 19. a3 {[%clk 0:10:50]} h5
{[%clk 0:07:46]} 20. Qb5 {[%clk 0:10:03]} Rd7 {[%clk 0:07:26]} 21. Nfxe4
{[%clk 0:08:21]} Nxe4 {[%clk 0:06:50]} 22. Nxe4 fxe4 {[%clk 0:06:58]} 23. Qxh5
{[%clk 0:07:32]} Rg7 {[%clk 0:04:24]} 24. Rxf8+ {[%clk 0:06:16]} Qxf8
{[%clk 0:04:31]} 25. Bxe4 {[%clk 0:06:24]} Bf7 {[%clk 0:04:28]} 26. Qh6
{[%clk 0:06:29]} Qe7 {[%clk 0:03:55]} 27. Bg2 {[%clk 0:05:57]} Rg5
{[%clk 0:03:18]} 28. Rc3 {[%clk 0:04:37]} Rg6 {[%clk 0:02:35]} 29. Qf4
{[%clk 0:04:45]} Kg7 {[%clk 0:02:31]} 30. Rc5 {[%clk 0:04:04]} Qd6
{[%clk 0:01:32]} 31. b4 {[%clk 0:04:10]} a6 {[%clk 0:01:14]} 32. Rf5
{[%clk 0:04:06]} Nd8 {[%clk 0:00:22]} 33. Kf2 {[%clk 0:03:46]} Qe6
{[%clk 0:00:24]} 34. Kg1 {[%clk 0:02:50]} Qd6 {[%clk 0:00:25]} 35. d5
{[%clk 0:02:01]} Qxf4 {[%clk 0:00:13]} 36. gxf4 {[%clk 0:02:09]} g3
{[%clk 0:00:21]} 37. hxg3 {[%clk 0:01:54]} Rxg3 {[%clk 0:00:30]} 38. Kf2
{[%clk 0:02:02]} Rg4 {[%clk 0:00:33]} 39. Bf3 {[%clk 0:02:00]} Rh4
{[%clk 0:00:37]} 40. Kg3 {[%clk 0:02:08]} Rh6 {[%clk 0:00:41]} 41. e4
{[%clk 0:02:17]} a5 {[%clk 0:00:20]} 42. Rg5+ {[%clk 0:01:29]} Kf8
{[%clk 0:00:24]} 43. bxa5 {[%clk 0:01:17]} Ra6 {[%clk 0:00:19]} 44. e5
{[%clk 0:01:21]} Rxa5 {[%clk 0:00:19]} 45. e6 {[%clk 0:01:30]} Bxe6
{[%clk 0:00:17]} 46. dxe6 {[%clk 0:01:38]} Rxg5+ {[%clk 0:00:24]} 47. fxg5
{[%clk 0:01:46]} Nxe6 {[%clk 0:00:32]} 48. Kg4 {[%clk 0:01:09]} b5
{[%clk 0:00:34]} 49. Be2 {[%clk 0:01:09]} Nd4 {[%clk 0:00:35]} 50. Bd3
{[%clk 0:01:18]} Kf7 {[%clk 0:00:22]} 51. Kh4 {[%clk 0:00:59]} Kf8
{[%clk 0:00:24]} 52. Kh5 {[%clk 0:01:00]} Kg7 {[%clk 0:00:31]} 53. Kg4
{[%clk 0:01:03]} b4 {[%clk 0:00:17]} 54. a4 {[%clk 0:00:53]} b3 {[%clk 0:00:18]}
55. Be4 {[%clk 0:00:36]} Ne6 {[%clk 0:00:13]} 56. a5 {[%clk 0:00:41]} Nc5
{[%clk 0:00:22]} 57. Bf5 {[%clk 0:00:31]} Kf7 {[%clk 0:00:22]} 58. Kf4
{[%clk 0:00:25]} Ne6+ {[%clk 0:00:25]} 59. Ke5 {[%clk 0:00:27]} Nc5
{[%clk 0:00:11]} 60. Kd5 {[%clk 0:00:31]} Na6 {[%clk 0:00:20]} 61. Kc4
{[%clk 0:00:30]} b2 {[%clk 0:00:29]} 62. Kc3 {[%clk 0:00:24]} Ke7
{[%clk 0:00:38]} 63. Kxb2 {[%clk 0:00:30]} Nc7 {[%clk 0:00:35]} 64. Kb3
{[%clk 0:00:35]} Kd6 {[%clk 0:00:38]} 65. Kc4 {[%clk 0:00:32]} Ke5
{[%clk 0:00:21]} 66. Bc2 {[%clk 0:00:34]} Kd6 {[%clk 0:00:25]} 67. g6
{[%clk 0:00:33]} Ne6 {[%clk 0:00:32]} 68. Bf5 {[%clk 0:00:34]} Ng7
{[%clk 0:00:38]} 69. Be4 {[%clk 0:00:39]} Kc7 {[%clk 0:00:37]} 70. Kb5
{[%clk 0:00:43]} Ne8 {[%clk 0:00:35]} 71. Kc5 {[%clk 0:00:50]} Ng7
{[%clk 0:00:33]} 72. Bd5 {[%clk 0:00:52]} Ne8 {[%clk 0:00:18]} 73. a6
{[%clk 0:00:57]} Nf6 {[%clk 0:00:13]} 74. g7 {[%clk 0:01:00]} 1-0

[Event "Rapid 2018"]
[Site "Saint-Petersburg"]
[Date "2018.12.28"]
[Round "15"]
[Board "32"]
[White "Alekseev Evgeny (RUS)"]
[Black "Lomasov Semyon (RUS)"]
[Result "1-0"]
[LiveChessVersion "1.4.8"]
[BlackElo "2416"]
[WhiteElo "2650"]

1. e4 {[%clk 0:15:17]} e5 {[%clk 0:15:12]} 2. Nf3 {[%clk 0:15:25]} Nc6
{[%clk 0:15:21]} 3. Bb5 {[%clk 0:15:24]} a6 {[%clk 0:15:30]} 4. Ba4
{[%clk 0:15:32]} Nf6 {[%clk 0:15:39]} 5. d3 {[%clk 0:15:33]} b5 {[%clk 0:15:44]}
6. Bb3 {[%clk 0:15:41]} Bc5 {[%clk 0:15:52]} 7. O-O {[%clk 0:14:40]} d6
{[%clk 0:15:57]} 8. c3 {[%clk 0:14:47]} h6 {[%clk 0:15:58]} 9. Be3
{[%clk 0:14:08]} Bxe3 {[%clk 0:15:29]} 10. fxe3 {[%clk 0:14:16]} O-O
{[%clk 0:15:33]} 11. Nbd2 {[%clk 0:14:21]} Be6 {[%clk 0:15:32]} 12. Bc2
{[%clk 0:14:24]} Ne7 {[%clk 0:13:41]} 13. Nh4 {[%clk 0:14:26]} c5
{[%clk 0:13:36]} 14. Qe2 {[%clk 0:13:27]} Nc6 {[%clk 0:11:55]} 15. Nf5
{[%clk 0:09:47]} d5 {[%clk 0:11:51]} 16. exd5 {[%clk 0:09:31]} Nxd5
{[%clk 0:11:59]} 17. Rae1 {[%clk 0:08:11]} Nce7 {[%clk 0:06:06]} 18. Nh4
{[%clk 0:07:40]} Nc6 {[%clk 0:05:47]} 19. Qf2 {[%clk 0:07:29]} f5
{[%clk 0:03:05]} 20. e4 {[%clk 0:06:17]} fxe4 {[%clk 0:02:40]} 21. Qxf8+
{[%clk 0:06:17]} Qxf8 {[%clk 0:02:49]} 22. Rxf8+ {[%clk 0:06:25]} Rxf8
{[%clk 0:02:57]} 23. Nxe4 {[%clk 0:06:18]} c4 {[%clk 0:02:27]} 24. dxc4
{[%clk 0:06:17]} bxc4 {[%clk 0:02:35]} 25. Nc5 {[%clk 0:05:55]} Bc8
{[%clk 0:02:42]} 26. Nf3 {[%clk 0:04:45]} Bg4 {[%clk 0:01:21]} 27. Nxe5
{[%clk 0:02:43]} Nxe5 {[%clk 0:01:29]} 28. Rxe5 {[%clk 0:02:51]} Nf4
{[%clk 0:01:38]} 29. h3 {[%clk 0:02:31]} Be2 {[%clk 0:01:47]} 30. Rf5
{[%clk 0:01:44]} Rc8 {[%clk 0:00:14]} 31. Rxf4 {[%clk 0:01:10]} Rxc5
{[%clk 0:00:23]} 32. Kf2 {[%clk 0:01:18]} Bd3 {[%clk 0:00:15]} 33. Bxd3
{[%clk 0:01:15]} cxd3 {[%clk 0:00:24]} 34. Ke3 {[%clk 0:01:17]} Rd5
{[%clk 0:00:13]} 35. Rd4 {[%clk 0:01:07]} Re5+ {[%clk 0:00:14]} 36. Kxd3
{[%clk 0:01:12]} Re1 {[%clk 0:00:23]} 37. Rf4 {[%clk 0:00:50]} Rd1+
{[%clk 0:00:17]} 38. Ke4 1-0

[Event "Rapid 2018"]
[Site "Saint-Petersburg"]
[Date "2018.12.28"]
[Round "15"]
[Board "33"]
[White "Levin Evgeny A. (RUS)"]
[Black "Yudin Sergei (RUS)"]
[Result "1/2-1/2"]
[LiveChessVersion "1.4.8"]
[BlackElo "2643"]
[WhiteElo "2563"]

1. d4 {[%clk 0:15:18]} d5 {[%clk 0:15:18]} 2. c4 {[%clk 0:15:26]} e6
{[%clk 0:15:26]} 3. Nf3 {[%clk 0:15:31]} c6 {[%clk 0:15:34]} 4. Bg5
{[%clk 0:15:23]} Be7 {[%clk 0:15:32]} 5. Bxe7 {[%clk 0:15:29]} Qxe7
{[%clk 0:15:41]} 6. Qc2 {[%clk 0:15:13]} Nf6 {[%clk 0:15:39]} 7. e3
{[%clk 0:15:20]} Nbd7 {[%clk 0:15:41]} 8. Nc3 {[%clk 0:15:27]} O-O
{[%clk 0:15:41]} 9. cxd5 {[%clk 0:14:32]} Nxd5 {[%clk 0:14:55]} 10. Be2
{[%clk 0:14:06]} Nxc3 {[%clk 0:13:59]} 11. Qxc3 {[%clk 0:14:14]} c5
{[%clk 0:13:42]} 12. O-O {[%clk 0:13:42]} b6 {[%clk 0:13:45]} 13. Rfd1
{[%clk 0:13:31]} Bb7 {[%clk 0:13:45]} 14. Rac1 {[%clk 0:13:24]} Rfc8
{[%clk 0:13:20]} 15. Qa3 {[%clk 0:12:36]} Kf8 {[%clk 0:12:48]} 16. dxc5
{[%clk 0:12:01]} Nxc5 {[%clk 0:11:26]} 17. Nd4 {[%clk 0:11:55]} a5
{[%clk 0:10:44]} 18. Bf3 {[%clk 0:11:13]} Bxf3 {[%clk 0:10:45]} 19. Nxf3
{[%clk 0:11:21]} Rd8 {[%clk 0:10:05]} 20. Qc3 {[%clk 0:11:10]} Rxd1+
{[%clk 0:10:02]} 21. Rxd1 {[%clk 0:11:19]} Rd8 {[%clk 0:10:06]} 22. Qc2
{[%clk 0:10:55]} Rxd1+ {[%clk 0:10:09]} 1/2-1/2

[Event "Rapid 2018"]
[Site "Saint-Petersburg"]
[Date "2018.12.28"]
[Round "15"]
[Board "34"]
[White "Fedoseev Vladimir (RUS)"]
[Black "Tsydypov Zhamsaran (RUS)"]
[Result "0-1"]
[LiveChessVersion "1.4.8"]
[BlackElo "2595"]
[WhiteElo "2810"]

1. e4 {[%clk 0:15:15]} c5 2. Nf3 {[%clk 0:15:12]} d6 {[%clk 0:15:21]} 3. Bb5+
{[%clk 0:15:17]} Nd7 {[%clk 0:15:28]} 4. c3 {[%clk 0:15:05]} Ngf6
{[%clk 0:15:26]} 5. Qe2 {[%clk 0:15:14]} a6 {[%clk 0:15:19]} 6. Ba4
{[%clk 0:15:23]} b5 {[%clk 0:15:04]} 7. Bc2 {[%clk 0:15:29]} Bb7 {[%clk 0:14:25]}
8. O-O {[%clk 0:15:35]} e6 {[%clk 0:14:11]} 9. d4 {[%clk 0:15:43]} Rc8
{[%clk 0:13:58]} 10. Bd3 {[%clk 0:15:27]} Nb6 {[%clk 0:13:30]} 11. Bf4
{[%clk 0:15:09]} Be7 {[%clk 0:13:22]} 12. Nbd2 {[%clk 0:15:17]} O-O
{[%clk 0:13:26]} 13. Rfe1 {[%clk 0:14:59]} cxd4 {[%clk 0:13:05]} 14. cxd4
{[%clk 0:15:04]} Nc4 {[%clk 0:11:11]} 15. Nxc4 {[%clk 0:11:33]} bxc4
{[%clk 0:11:15]} 16. Bxc4 {[%clk 0:11:42]} Bxe4 {[%clk 0:11:21]} 17. Bxa6
{[%clk 0:10:55]} Rc2 {[%clk 0:11:19]} 18. Nd2 {[%clk 0:10:18]} Rxb2
{[%clk 0:11:10]} 19. a4 {[%clk 0:10:19]} Qa8 {[%clk 0:08:27]} 20. g3
{[%clk 0:08:57]} Bh1 {[%clk 0:08:03]} 21. Qf1 {[%clk 0:09:00]} Nd5
{[%clk 0:07:50]} 22. Nc4 {[%clk 0:07:29]} Nxf4 {[%clk 0:07:14]} 23. gxf4
{[%clk 0:07:30]} Rb3 {[%clk 0:06:41]} 24. Bb5 {[%clk 0:07:13]} Rf3
{[%clk 0:05:10]} 25. d5 {[%clk 0:06:06]} Qxd5 {[%clk 0:05:15]} 26. Rad1
{[%clk 0:06:11]} Qa8 {[%clk 0:05:13]} 27. Nb6 {[%clk 0:05:49]} Qb7
{[%clk 0:05:17]} 28. Nd5 {[%clk 0:05:47]} exd5 {[%clk 0:04:02]} 29. Kxh1
{[%clk 0:05:52]} Rxf4 {[%clk 0:03:57]} 30. Qg2 {[%clk 0:05:42]} Bh4
{[%clk 0:03:23]} 31. Qxd5 {[%clk 0:04:26]} Qc8 {[%clk 0:02:23]} 32. Rc1
{[%clk 0:02:24]} Qd8 {[%clk 0:02:10]} 33. Rc6 {[%clk 0:02:25]} Bxf2
{[%clk 0:02:03]} 34. Rxd6 {[%clk 0:01:41]} Qh4 {[%clk 0:01:57]} 35. Re8
{[%clk 0:01:51]} Rxe8 {[%clk 0:01:45]} 36. Bxe8 {[%clk 0:02:00]} Bb6
{[%clk 0:01:21]} 37. Bb5 {[%clk 0:01:44]} Qe1+ {[%clk 0:01:26]} 38. Kg2
{[%clk 0:01:50]} Qf2+ {[%clk 0:01:30]} 0-1